00503nam a22001577a 450000500170000001000300001702000260004703500300007303700120010308200140011510000190012924500690014826000490021730000280026650000510029420110829095733.0 aB-442820-824 B-442835-836 c995.00a9789380748153 aB-442820-824 B-442835-836 bRBC/Ven00a305.409541 aKrishna Kumari14aThe position of women in Hindu civilization /cby Krishna Kumari aNew Delhi :bMohit Books Internationalc2011 avii, 304p.c22 cm. (Hb) aIncludes bibliographical references and index.